000 00701ckm a22002055a 4500
001 L141038
008 071025s1921 xxk eng u
035 _a(Sirsi) u141038
041 0 _aeng
245 0 1 _a[Plan of Lincolns Inn Fields and surrounding area showing the site for the Chartered Auctioneers' and Estate Agents' building at 29 Lincolns Inn Fields]
_h[graphic]
260 _aS.l.
_bs.n.
_c1921
300 _a1 sheet
_c22 x 28 cm.
340 _aPrinted
351 _cSingle item
500 _aPlan is signed E.H.B. and dated 1921. Library holds nine copies.
610 2 4 _aChartered Auctioneers' and Estate Agents' Institute
651 4 _aLondon
690 _aABOUT RICS
942 _n0
999 _c116561
_d116561